| 000 | 00698nam a22002057a 4500 | ||
|---|---|---|---|
| 999 |
_c190955 _d190955 |
||
| 005 | 20220816122952.0 | ||
| 010 | _aENG-134416 | ||
| 020 |
_a9789391091040 _c210.00 |
||
| 035 | _aEN-117948 | ||
| 037 | _bDBAD/PUB | ||
| 082 | _a881 | ||
| 100 | _aSekulic, Maja Herman | ||
| 245 |
_aClassic World Poetry/ _cMaja Herman Sekulic and Jernail Singh Anand |
||
| 260 |
_aGurugram _bThe Poetry Society of India _c2021 |
||
| 270 |
_aH-23/16, DLF Phase-I _bGurugram _e122002 _mthepoetrysoindia@gmail.com |
||
| 300 |
_a83p. _c22cm(pbk) |
||
| 500 | _aPart-1 (The Mighty Irine) Part-2 (The Survivor Of A Thousand Shiwrecks) | ||
| 700 | _aAnand, Jernail Singh | ||
| 942 |
_2ddc _cEN _h881 _mSEK |
||